00442nam a22001217a 4500082001200000100007100012245005800083260001500141300001000156536004700166650008500213700002200298 aRB.0278 aBhosale,Sunil uGokhale Institute of Politics and Economics vPune aFemale Domestic Workers and Socio-Economic Inclusion  aPunec2015 a115p. aIndian Council of Social Science.New Delhi aHousehold employeesvwomen domesticsvwomen servantsveconomic-social condition  aBansode, Prashant